Loading...
Physics for Joint Entrance Examination JEE( Advanced) : Mechanics I /
| Main Author: | |
|---|---|
| Format: | Printed Book |
| Published: |
Australiya :
Cengage,
2019.
|
| LEADER | 00495nam a22001337a 4500 | ||
|---|---|---|---|
| 999 | |c 278555 |d 278555 | ||
| 020 | |a 978-93-5350-060-3 | ||
| 082 | |a 530 |b SHA/P | ||
| 100 | |a Sharma B M | ||
| 245 | |a Physics for Joint Entrance Examination JEE( Advanced) : |b Mechanics I / |c B M Sharma. | ||
| 260 | |a Australiya : |b Cengage, |c 2019. | ||
| 300 | |a v, S,163 p. : | ||
| 942 | |c BK | ||
| 952 | |0 0 |1 0 |4 0 |6 530_000000000000000_SHA_P |7 0 |8 NFIC |9 296932 |a DNT |b DNT |c GEN |d 2020-03-13 |g 829.00 |l 0 |o 530 SHA/P |p NAN1520 |r 2020-03-13 |w 2020-03-13 |y BK | ||